| 000 | 00000nam 2200000zi 4500 |
| 001 | 9.882942 |
| 003 | CaOODSP |
| 005 | 20221107170430 |
| 006 | m o d f |
| 007 | cr ||||||||||| |
| 008 | 191216t20212021onc ob f00| 0 eng d |
| 020 | |a9780660335445 |
| 040 | |aCaOODSP|beng|erda|cCaOODSP |
| 043 | |an-cn--- |
| 086 | 1 |aH139-6/2021E-PDF |
| 245 | 00|aCleaning validation guide. |
| 264 | 1|aOttawa : |bHealth Canada = Santé Canada, |c2021. |
| 264 | 4|c©2021 |
| 300 | |a1 online resource (37 pages) |
| 336 | |atext|btxt|2rdacontent |
| 337 | |acomputer|bc|2rdamedia |
| 338 | |aonline resource|bcr|2rdacarrier |
| 500 | |aIssued also in French under title: Guide sur la validation des procédés de nettoyage. |
| 500 | |aIssued also in HTML format. |
| 500 | |a"GUI-0028." |
| 500 | |a"June 29, 2021." |
| 504 | |aIncludes bibliographical references (pages 35-37). |
| 520 | |a"This document is for anyone involved in pharmaceutical, biological and radiopharmaceutical fabrication and packaging activities for drugs sold in Canada, including: regulated industry; inspectors and evaluators. It provides guidance on cleaning validation. It will help you understand and comply with Part C, Division 2 of the Food and Drug Regulations (the Regulations)"--page 6. |
| 650 | 0|aDrug factories|xEquipment and supplies|xCleaning|vHandbooks, manuals, etc. |
| 650 | 0|aBiotechnology industries|xEquipment and supplies|xCleaning|vHandbooks, manuals, etc. |
| 650 | 0|aMedical instruments and apparatus|xSterilization|vHandbooks, manuals, etc. |
| 655 | 7|aHandbooks and manuals|2lcgft |
| 710 | 1 |aCanada. |bHealth Canada, |eissuing body. |
| 775 | 08|tGuide sur la validation des procédés de nettoyage.|w(CaOODSP)9.882944 |
| 856 | 40|qPDF|s959 KB|uhttps://publications.gc.ca/collections/collection_2021/sc-hc/H139-6-2021-eng.pdf |
| 856 | 4 |qHTML|sN/A|uhttps://www.canada.ca/en/health-canada/services/drugs-health-products/compliance-enforcement/good-manufacturing-practices/validation/cleaning-validation-guidelines-guide-0028/document.html |
| 986 | |a200029 |